01300nam a2200277Ia 4500008004100000020001800041082001300059082001000072100003300082245006200115245006800177250002200245260001400267260006400281260000900345300001900354300001100373440008500384500003700469505009100506520025600597546000800853650009300861799005300954999001501007191128s9999 xx 000 0 und d a9789588280172 a328 .31  b P32  aNupia Martinez, Oskar, autor 0aDesarrollo económico : retos y políticas públicas / 0cOskar Nupia Martinez, Raquel Bernal y Adriana Camacho [y otros] aPrimera edición aManizales bUniversidad Nacional de Colombia : Senado de la República c2008 a101 páginas  c 22 cm aDocumentos de política pública, piensa Colombia : los aportes de la academia aBibliografía: páginas 92-101 aDescripción del problema -- Opciones de política -- Recomendaciones y conclusiones aComo parte de un esfuerzo para acercar a los mejores centros de investigación académica que estudian las principales problemáticas de nuestro país a los foros políticos, el Congreso de la República ha formulado el Proyecto Piensa Colombia. aspa aViolencia -- Colombia Víctimas de la violencia Desarrollo económico Narcotráfico-- aBernal, Raquel, autor ; Camacho, Adriana, autor c5274d5274